| 000 | 00568nam a2200193 a 4500 | ||
|---|---|---|---|
| 005 | 20210223122054.0 | ||
| 008 | 991125s1971 es 000 0 spa u | ||
| 035 | _aUPN01000028845 | ||
| 049 | _aCG | ||
| 050 | 4 |
_aPT2635 O8.4 _bH6.7 |
|
| 100 | 1 |
_aRoth, Joseph, _d1894-1939 _931817 |
|
| 245 | 1 | 0 |
_aHotel Savoy / _cJoseph Roth ; tr. Feliu Formosa. |
| 260 |
_aBarcelona, Esp. : _bSeix Barral, _c1971. |
||
| 300 | _a160 p. | ||
| 440 | 0 |
_aBiblioteca breve ; _v322. _pNovela |
|
| 534 |
_pTraducción de: _tHótel Savoy |
||
| 650 | 4 |
_aNOVELA AUSTRIACA _916433 |
|
| 905 | _aLibro | ||
| 999 |
_c28845 _d28845 |
||